| 000 | 00486nam a22001697a 4500 | ||
|---|---|---|---|
| 005 | 20251108165010.0 | ||
| 008 | 250721s1927 xx 000 0 ara d | ||
| 082 | 1 | 4 | _a956.051/رفا |
| 100 | 1 | _aالرفاعي، أحمد فريد | |
| 245 | 1 | 0 | _aعصر المأمون / |
| 264 | 1 |
_aالقاهرة : _bدار الكتب المصرية، _c1927. |
|
| 300 | _a3مج | ||
| 650 | 1 | 7 | _aالعباسيون 750-1258 |
| 650 | 1 | 7 | _aتاريخ العرب |
| 942 |
_2ddc _cBK |
||
| 999 |
_c19483 _d19483 |
||